| 000 | 01856cam a22003614i 4500 | ||
|---|---|---|---|
| 003 | PE-LiUPU | ||
| 005 | 20250925090029.0 | ||
| 008 | 2021xxxxmx pe a rb 000 0 spa d | ||
| 020 | _a9786078546312 | ||
| 035 | _aPE-LiUPU000023 | ||
| 040 |
_aPE-LiUPU _bspa _cPE-LiUPU _erda |
||
| 082 | 0 | 4 |
_a616.029 _bA432b _223 |
| 100 |
_aAllende Pérez, Silvia Rosa, _eautora. _96940 |
||
| 245 | 1 | 4 |
_aEl ABC en medicina paliativa / _cpor Silvia Rosa Allende Pérez y Emma Libertad Verástegui Avilés. |
| 250 | _a2ª edición. | ||
| 264 | 1 |
_aCiudad de México : _bEditorial Médica Panamericana, _c[2021]. |
|
| 300 |
_a412 páginas : _bilustraciones ; _c28 cm. |
||
| 336 |
_atext _2rdacontent |
||
| 337 |
_aunmediated _2rdamedia |
||
| 338 |
_avolume _2rdacarrier |
||
| 500 | _aIncluye versión digital. | ||
| 504 | _aIncluye bibliografía e índice analítico. | ||
| 505 | 0 | _aMarco conceptual y aspectos generales -- Aspectos de la práctica y situaciones específicas -- Aspectos particulares de los cuidados paliativos. | |
| 520 | _aManual actualizado sobre cuidados paliativos con enfoque integral para médicos generales, de familia, geriatras, pediatras y profesionales de la salud. Ofrece contenidos clínicos, bioéticos y psicosociales, con énfasis en el manejo del dolor, cuidados al final de la vida, atención interdisciplinaria y decisiones médicas basadas en evidencia. | ||
| 650 | 1 | 4 |
_aMedicina paliativa _xManuales. _96941 |
| 650 | 2 | 4 |
_aCuidados paliativos _xAspectos clínicos. _96942 |
| 650 | 2 | 4 |
_aManejo del dolor, _xTratamiento. _96943 |
| 700 |
_aVerástegui Avilés, Emma Libertad, _eautora. _96944 |
||
| 710 |
_aEditorial Médica Panamericana, _eeditor. _96616 |
||
| 856 | 4 | 0 |
_uhttps://www.medicapanamericana.com _zSitio web del editor. |
| 942 |
_2ddc _cBK |
||
| 980 |
_621515 _aROMINA COBOS Adquisiciones _818226 _gJaime Vilcazán Jefe de Análisis Documental |
||
| 999 |
_c63066 _d63065 |
||